Tracing invisible lines : an experiment in mystoriography /

Tracing Invisible Lines is a critical autoethnographic text built around Gregory Ulmer's concept of the "Mystory." Dedicated to the enhancement of imagination and innovation in a digital-media saturated society, Ulmer's Mystory is a creative research method that draws narratives...

Full description

Bibliographic Details
Main Author: Prescott-Steed, David, 1975- (Author)
Format: Book
Language:English
Published: Anderson, South Carolina : Parlor Press, [2019]
Series:Electracy and transmedia studies.
Subjects:

MARC

Tag First Indicator Second Indicator Subfields
LEADER 00000cam a2200000Ii 4500
001 in00004172208
008 190321s2019 scu b 001 0 eng d
005 20250318214110.7
019 |a 1090171196 
020 |a 1643170759  |q (paperback) 
020 |a 1643170767  |q (hardcover) 
020 |a 9781643170756  |q (paperback) 
020 |a 9781643170763 
020 |z 1643170775  |q (PDF) 
020 |z 1643170783  |q (ePub) 
020 |z 9781643170770  |q (PDF) 
020 |z 9781643170787  |q (ePub) 
035 |a (OCoLC)1090176248  |z (OCoLC)1090171196 
035 |a (OCoLC)on1090176248 
040 |a YDX  |b eng  |e rda  |c YDX  |d SEA  |d YDXIT 
050 4 |a PE1425  |b .P74 2019 
082 0 4 |a 808.036  |2 23 
100 1 |a Prescott-Steed, David,  |d 1975-  |e author. 
245 1 0 |a Tracing invisible lines :  |b an experiment in mystoriography /  |c David Prescott-Steed. 
246 3 0 |a Experiment in mystoriography 
264 1 |a Anderson, South Carolina :  |b Parlor Press,  |c [2019] 
300 |a vii, 169 pages ;  |c 23 cm. 
336 |a text  |b txt  |2 rdacontent 
337 |a unmediated  |b n  |2 rdamedia 
338 |a volume  |b nc  |2 rdacarrier 
490 1 |a Electracy and transmedia studies 
504 |a Includes bibliographical references and index. 
505 0 |a Mystoriography: Theories and Considerations -- Mystory: Creative Cultural Practice. Other People's Stories ; Personal (Autobiography) ; Popular (Community Stories, Oral History, Popular Culture) ; Expert (Disciplines of Knowledge), Part One ; Expert (Disciplines of Knowledge), Part Two ; Formulating an Invariant Principle -- A Brief Account of the Dominant Themes in my Creative Practice: 1992- Present -- Assemblages: Towards a Sonic Psychogeography. 
520 |a Tracing Invisible Lines is a critical autoethnographic text built around Gregory Ulmer's concept of the "Mystory." Dedicated to the enhancement of imagination and innovation in a digital-media saturated society, Ulmer's Mystory is a creative research method that draws narratives from three domains of discourse (personal, professional, popular). Analyzing these domains means generating fresh insight into the deep-seated emblems that drive the creative disposition, or "invariant principle," of the practice-led researcher. Here, the mystoriographical approach has mobilized an exploration of the interrelations between self and society, between memory and imagination, as well as between industry-driven design-arts education and experimental sound-art practice (prioritizing the sonic, the perambulatory, careering). As a result, the Mystory fosters critical awareness of the socio-cultural instruments of creative inspiration and perspiration.--Cover. 
650 0 |a Autobiography. 
650 0 |a Narration (Rhetoric) 
830 0 |a Electracy and transmedia studies. 
852 8 |b pda,print  |z This title is available for the library to purchase for your use. Click the "Purchase It For Me" button to place a request. This item may take 5-10 business days to arrive. 
955 |a Print PDA title 
999 f f |s 53a268aa-005a-4344-87d9-f454e3d4d6f2  |i cfd59902-1790-317c-9a19-f76fa490257b  |t 0 
952 f f |a Texas A&M University  |b College Station  |c Sterling C. Evans Library  |d Purchase on Demand  |t 0  |e PE1425 .P74 2019  |h Library of Congress classification 
998 f f |a PE1425 .P74 2019  |t 0  |l Purchase on Demand